• 首页
  • 本馆介绍
  • 公告通知
  • 最新文献
  • 馆藏检索
  • 电子资源
  • 读者导购
  • 参考咨询
  • 我的图书馆
  • 登录
  • 详细信息显示
  • 放入我的书架
  • 预约/预借图书
  • 作者相关作品
  • 分类相关作品
  • 丛书相关作品
  • 出版社相关作品

书目信息

  • 表格格式
  • 工作单格式
  • 卡片格式
题名:
十三经引得
    
 
作者: ;宗青图书出版公司 编
分册:   论语、孟子
出版信息: 台北   宗青图书出版公司  1989.01
页数: 1册
开本: 21cm
丛书名: 汉学索引集成
单 册:
中图分类: Z89
科图分类:
主题词: 文摘 , 索引
电子资源:
ISBN:
000 00759nam0 2200253 45
001 0505081449
005 20061127140434.96
010    @b精装@dCNY1400.00
100    @a20050508d1989 km y0chiy0120 ea
101 0  @achi
105    @a z 000yy
200 1  @a十三经引得@AShi San Jing Yin De@i论语、孟子@f宗青图书出版公司编@FZong Qing Tu Shu Chu Ban Gong Si Bian
210    @a台北@c宗青图书出版公司@d1989.01
215    @a1册@d21cm
225    @a汉学索引集成@f蒋致远主编
410    @12001 @a汉学索引集成
410    @1700 0@a蒋致远@AJiang Zhi Yuan@4主编
517    @a论语、孟子@ALun Yu、Meng Zi
606 0  @a文摘
606 0  @a索引
690    @aZ89@v3
711 02 @a宗青图书出版公司@4编
801    @aCN@bPftUser@c20061127
905    @dZ89@e103:4@f1@b261175
    
    十三经引得.论语、孟子/宗青图书出版公司编.-台北:宗青图书出版公司,1989.01
    1册;21cm.-(汉学索引集成/蒋致远主编)
    
    
    ISBN (精装):CNY1400.00
    
●
相关链接 在E读中查询图书 在五车中查询图书 在当当中查询图书 在豆瓣中查询图书


正题名:十三经引得     索取号:Z89/103:4         预约/预借

序号 登录号 条形码 馆藏地/架位号 状态 备注
1 0261174   202130871   第二样本阅览室/ [索取号:Z89/103:4] 在馆    
2 0261175   000431544   工具书阅览室/ [索取号:Z89/103:4] 在馆    
唐山师范学院图书馆 欢迎您!
大连网信软件有限公司© 版权所有